000
00296nam a22001217a 4500
005
20170724124721.0
008
170724b xxu||||| |||| 00| 0 eng d
041
_a
eng
100
_a
Updhya,Dr Krishnadev
_9
3886
245
_a
Lok Sahitya ka Bhumika
260
_a
Allhabad
_b
Sahitya Bhwan
942
_c
BK
999
_c
5504
_d
5502